[Event "Gaprindashvili Cup Women III Stage 2020"]
[Site "Online"]
[Date "2020.11.12"]
[Round "3.2"]
[White "Khotenashvili, Bela"]
[Black "Arabidze, Meri"]
[Result "1/2-1/2"]
[WhiteElo "2463"]
[BlackElo "2437"]
[Annotator "TA"]
[PlyCount "86"]
[EventDate "2020.11.04"]
[EventType "k.o."]
[SourceTitle "playchess.com"]
[Source "ChessBase"]
[SourceQuality "1"]

{[%evp 9,86,10,37,12,20,17,27,22,22,20,46,43,65,33,56,0,61,55,65,57,62,77,107,103,209,209,208,208,205,205,263,217,258,256,235,241,225,211,283,114,107,117,113,37,47,29,33,29,29,8,8,8,8,0,0,0,0,0,12,0,0,0,0,0,0,0,0,0,0,0,0,0,0,-8,0,0,0,0,0]} 1. Nf3 f5 2. c4 Nf6 3. Nc3 g6 4. d4 Bg7 5. b4 O-O 6. Qb3 {A85: Dutch Defence: 2 c4 Nf6 3 Nc3.} e6 7. e3 d6 8. Bb2 {White has an edge.} Qe7 9. Be2 Kh8 {[#]} 10. Rd1 $146 ({Predecessor:} 10. O-O b6 11. a4 a5 12. bxa5 bxa5 13. Ba3 c5 14. dxc5 dxc5 15. Ne5 Nfd7 16. Nxd7 Nxd7 {1-0 (23) Kempinski,R (2579)-Piorun,K (2660) Katowice 2019}) 10... Nbd7 11. O-O (11. c5 $5) 11... c6 12. d5 (12. c5 $14) 12... e5 (12... cxd5 $11 13. cxd5 Nb6) 13. Ng5 $14 cxd5 14. cxd5 Nb6 15. a4 {[%cal Ba2a4,Ba4a5][%mdl 32]} Re8 16. a5 Nbxd5 (16... h6 $16) 17. Nxd5 $18 Nxd5 18. Qxd5 ({Not} 18. Rxd5 Qxg5 19. Rxd6 Qe7 $14) 18... Qxg5 19. Qxd6 Qf6 20. Bb5 Rf8 21. Qxf6 Bxf6 {[#]} 22. Rd6 $1 {[%cal Rd6f6] Hoping for Rxf6!} Bg7 23. Rfd1 f4 {[#]} 24. exf4 (24. e4 $1 $18 {and the rest is easy.}) 24... exf4 $16 25. Bxg7+ Kxg7 26. Bd7 (26. h4 $16) 26... Rf7 $1 $14 27. h4 Bxd7 28. Rxd7 $11 {[%mdl 4096] Endgame KRR-KRR} Raf8 $1 29. f3 (29. R7d4 {looks sharper.} Re8 30. f3 Re6 31. Rd8 a6 32. R1d4) 29... Rxd7 {The position is equal.} 30. Rxd7+ {KR-KR} Rf7 31. Rd8 a6 32. Kf2 Kh6 33. Rd5 Rc7 34. Rd4 Rf7 35. g4 fxg3+ $1 36. Kxg3 Rf5 37. Kg4 Rb5 38. f4 b6 39. axb6 Rxb6 40. f5 gxf5+ 41. Kxf5 a5 42. bxa5 Rb5+ {[%mdl 64] Double Attack} 43. Kg4 {Black must now prevent Ra4.} Rxa5 {Black defended with fortune.  Weighted Error Value: White=0.15/Black=0.16} 1/2-1/2

[Event "Gaprindashvili Cup Women III Stage 2020"]
[Site "Online"]
[Date "2020.11.12"]
[Round "3.2"]
[White "Melia, Salome"]
[Black "Charkhalashvili, Inga"]
[Result "0-1"]
[WhiteElo "2371"]
[BlackElo "2276"]
[Annotator "TA"]
[PlyCount "73"]
[EventDate "2020.11.04"]
[EventType "k.o."]
[SourceTitle "playchess.com"]
[Source "ChessBase"]
[SourceQuality "1"]

{[%evp 17,73,35,31,36,28,27,28,37,69,73,81,101,91,39,76,-13,0,-41,-9,-19,0,-58,-52,-60,-35,-158,-135,-192,-56,-58,-48,-127,-127,-121,-110,-114,-98,-99,-121,-110,-92,-74,-91,-687,-688,-674,-632,-725,-706,-685,-677,-824,-818,-1144,-1142,-1101,-1033,-2351]} 1. e4 c6 2. d4 d5 3. Nc3 dxe4 4. Nxe4 Nf6 5. Nxf6+ exf6 6. c3 Bd6 7. Bd3 O-O 8. Qc2 h6 9. Ne2 Qc7 10. h3 {B15: Caro-Kann: 3 Nc3: 3...g6 and 3...dxe4 4 Nxe4 Nf6 5 Nxf6+ exf6.} c5 11. dxc5 Bxc5 12. Bf4 {[#] White has an edge.} Qb6 $146 ({Predecessor:} 12... Bd6 13. Bxd6 Qxd6 14. O-O Nc6 15. Rad1 Qc5 16. a3 Be6 17. Nf4 Bc4 18. Rfe1 Ne5 19. Bxc4 Qxc4 {1-0 (50) Predke,A (2533)-Denishev,M (2275) Sochi 2015}) 13. O-O Nc6 14. b4 Be7 15. Be3 (15. Rad1 $16) 15... Qc7 $14 16. f4 (16. Rad1 $16) 16... Re8 $11 17. Bf2 Bf8 18. a3 b6 19. c4 (19. Rad1 $11) 19... Bb7 $1 $15 20. Nc3 Qxf4 21. Bxb6 (21. Nd5 $15 Qg5 22. Rfe1) 21... Qe5 22. Rf5 {[#]} (22. Rae1 $17 Qxe1 23. Rxe1 Rxe1+ 24. Kf2 axb6 {[%mdl 64] Discovered Attack} 25. Kxe1 Rxa3 26. Nd5) 22... Qe6 (22... Nxb4 $1 $19 23. Rxe5 (23. axb4 $2 axb6 {[%mdl 64] Discovered Attack} 24. Rxe5 Rxa1+ 25. Kf2 Rxe5 $19) 23... Nxc2 24. Rxe8 Rxe8 25. Bxc2 axb6) 23. Bf2 Ne5 24. Rf4 ({Better is} 24. Re1 $1 $15) 24... Nxd3 $17 25. Qxd3 Bd6 26. Rh4 Rad8 27. Rd4 {Re1 is the strong threat.} Qe5 {( -> ...Qh2+)} 28. g3 Qe6 $40 {[%mdl 128] Black wants a kill.} 29. Kh2 Bc8 30. Qf1 $2 {[%mdl 8192] [#] White does not recover from this.} (30. Kg1 $17 Bc7 31. Nd5) 30... Bxg3+ $1 $19 {[%mdl 576] Deflection. Black is clearly winning.} 31. Bxg3 {Hoping for Rxd8.} Rxd4 32. Re1 Rd2+ 33. Kg1 Qd7 {Strongly threatening ...Rxe1.} 34. Nd5 Bb7 35. Qf4 Rxe1+ 36. Bxe1 Rd1 37. Qf3 {Weighted Error Value: White=0.64/Black=0.10} 0-1

[Event "Gaprindashvili Cup Women III Stage 2020"]
[Site "Online"]
[Date "2020.11.12"]
[Round "3.2"]
[White "Khukhashvili, Sopiko"]
[Black "Javakhishvili, Lela"]
[Result "1-0"]
[WhiteElo "2334"]
[BlackElo "2473"]
[Annotator "TA"]
[PlyCount "48"]
[EventDate "2020.11.04"]
[EventType "k.o."]
[SourceTitle "playchess.com"]
[Source "ChessBase"]
[SourceQuality "1"]

{[%evp 20,48,33,0,1,9,0,8,75,73,153,162,255,235,268,233,334,340,322,247,257,235,241,147,187,164,171,140,691,663,575]} 1. e4 c5 2. Nf3 Nf6 3. e5 Nd5 4. d4 cxd4 5. Qxd4 e6 6. Bc4 Nc6 7. Qe4 d6 8. exd6 Nf6 9. Qh4 Bxd6 10. O-O O-O 11. Nc3 Ne5 {B29: Sicilian: 2 Nf3 Nf6 (Nimzowitsch Variation).} 12. Nxe5 Bxe5 13. Bd3 {[#]} h6 $146 {[#]} (13... Qd4 $11 14. Ne4 Nxe4 15. Qxe4 Qxe4 16. Bxe4 Bd7) ({Predecessor:} 13... Qd4 14. Qh3 h6 15. Nb5 Qg4 16. Qxg4 Nxg4 17. h3 Nf6 18. Re1 Bb8 19. a4 Bd7 {0-1 (66) Looshnikov,N (2398)-Kholopov,A (2284) Orsk 2000}) 14. Bxh6 $1 $16 {[%mdl 512]} gxh6 (14... Qd4 $142 15. Qxd4 Bxd4) 15. Qxh6 Qd4 (15... Bxc3 {was worth a try.} 16. bxc3 e5) 16. Qg5+ $18 Kh8 17. Rae1 $40 {[%mdl 128] White is out for blood.} Bf4 (17... Bc7 {was necessary.}) 18. Qh4+ Kg7 {...Rh8 is the strong threat.} 19. Ne2 {[%mdl 64] [#] Double Attack} Bxh2+ 20. Qxh2 Qg4 21. Qe5 Rh8 22. Ng3 Qh4 {[%csl Gh8][%cal Rh4h2]} 23. f3 {aiming for Re4.} Rh5 $2 {[%mdl 8192]} (23... Kf8 $16 24. Rd1 Nd7 25. Qd6+ Qe7) 24. Nxh5+ Qxh5 {White took control after the opening.  Weighted Error Value: White=0.19/Black=1.01} 1-0

[Event "Gaprindashvili Cup Women III Stage 2020"]
[Site "Online"]
[Date "2020.11.12"]
[Round "3.2"]
[White "Mikadze, Miranda"]
[Black "Tsatsalashvili, Keti"]
[Result "1/2-1/2"]
[WhiteElo "2269"]
[BlackElo "2331"]
[Annotator "TA"]
[PlyCount "183"]
[EventDate "2020.11.04"]
[EventType "k.o."]
[SourceTitle "playchess.com"]
[Source "ChessBase"]
[SourceQuality "1"]

{[%evp 9,183,41,65,64,71,70,69,56,70,69,66,66,67,60,58,58,70,65,73,58,150,93,81,100,102,97,95,85,170,182,288,241,380,377,576,285,270,240,243,256,242,221,211,191,382,370,420,272,251,108,452,69,157,0,0,0,0,0,0,0,0,0,0,0,0,0,83,-20,0,0,0,0,0,0,0,0,0,-168,-153,-192,-112,-204,-190,-315,-302,-620,-634,-6529,-6543,-29975,-29976,-29976,-29977,-29976,-29977,-29976,-33,-32,-30,-30,-29,-30,-31,-31,-31,-31,-31,-31,-31,-36,-31,-50,0,0,0,-43,0,0,0,0,0,0,0,0,0,0,0,-29,-32,-29983,0,-30,-30,-31,0,0,0,0,0,0,0,0,0,0,0,0,0,0,0,0,0,0,0,0,0,0,0,0,0,0,0,0,0,0,0,0,0,0,0,0,0,0,0,0,0,0]} 1. e4 c5 2. c3 Nf6 3. e5 Nd5 4. Bc4 Nc7 5. Nf3 e6 6. d4 {B22: Sicilian: 2 c3.} cxd4 7. cxd4 d6 8. Qe2 {White is slightly better.} Nc6 9. Nc3 Be7 10. O-O O-O 11. Rd1 {[#]} Nb4 $146 ({Predecessor:} 11... d5 12. Bd3 f5 13. exf6 Bxf6 14. Bf4 Kh8 15. Be5 Bxe5 16. Nxe5 Nxe5 17. dxe5 Qg5 {1-0 (47) Lapaj,M (2223)-Cieslak,W (2001) Warsaw 2019}) 12. a3 Nbd5 13. Ne4 b6 14. Bd3 $36 {[%mdl 2048] Black is under pressure.} a5 (14... f6 $14) 15. Nfg5 ({Don't play} 15. exd6 $6 Bxd6 16. Nxd6 Qxd6 $14) (15. Nxd6 $142 Bd7 16. Ne4 (16. Qe4 f5 $16)) 15... h6 $16 {[%cal Re7g5]} 16. Nh3 f5 17. exf6 $1 Bxf6 18. Bb1 Ba6 (18... Ne7 $16) 19. Qg4 $18 Kf7 (19... g5 $142 20. Nhxg5 Bxg5) 20. Nf4 Nxf4 (20... Qd7 {was worth a try.} 21. Qg6+ (21. Nxf6 Nxf6 22. Qg6+ Kg8 $16) 21... Ke7 22. Nxf6 Rxf6 23. Nxd5+ (23. Qxg7+ Kd8 $18) 23... Nxd5 24. Qxg7+ Kd8 25. Bxh6 Qxg7 26. Bxg7 Rf7) 21. Bxf4 (21. Qxf4 g5 $16) 21... Ne8 (21... Kg8 {might work better.} 22. Bxd6 Rf7) 22. Re1 (22. d5 $142 exd5 23. Ba2 $1 {[%mdl 512]}) 22... Bc4 23. Nd2 Bd5 24. Qg6+ Ke7 25. Be4 Bxe4 26. Qxe4 {[%csl Ge1][%cal Re4e6]} Nc7 $2 (26... Rf7 {is a better defense.} 27. Qxe6+ Kf8) 27. Rac1 Rc8 {Now ...Qd7 and Black clings on.} 28. Nf3 Qd7 29. Qb7 (29. Rc6 $18 {is more deadly.} d5 30. Qc2) 29... Kf7 $2 {[%mdl 8192]} (29... g5 $16) 30. Rc2 $2 (30. Rc6 $18) 30... Ke7 (30... Qe7 $1 $14) 31. Rec1 $2 ({Weaker is} 31. Qxb6 Nd5 $17) (31. Rc6 $1 $16 Nb5 32. Rxb6) 31... Nd5 $11 32. Qxd7+ Kxd7 33. Rxc8 Rxc8 34. Rxc8 Kxc8 35. Bxd6 {[%mdl 4096] Endgame KBN-KBN} Kd7 36. Be5 Kc6 37. Kf1 Kb5 {[#]} (37... Bxe5 $1 $11 {keeps the balance.} 38. Nxe5+ Kb5) 38. Nd2 ({White should try} 38. Bxf6 $1 $16 gxf6 39. Nd2) 38... Bxe5 39. dxe5 {KN-KN} Nf4 40. g3 Nd3 41. b3 Nxe5 42. Ke2 Kc5 43. h3 $2 {[#]} (43. f4 $11 Nc6 44. Kd3) 43... Kd4 $1 $19 44. f4 Nc6 (44... Nd7 $19 45. b4 axb4 46. axb4 b5) 45. Nb1 (45. a4 $17) 45... Ne7 46. g4 (46. Kd2 $142) 46... Nd5 47. f5 $2 (47. Kd2) 47... exf5 48. gxf5 Nc3+ 49. Nxc3 Kxc3 {KP-KP} 50. Kf3 Kxb3 51. Kg4 Kxa3 52. Kh5 b5 $2 (52... a4 53. Kg6 Kb4 54. Kxg7 a3 55. Kh7 a2 56. Kg6 a1=Q 57. f6 Kc4 58. Kf7 b5 59. Ke6 Qd4 60. f7 Qd8 61. Kf5 b4 62. Kg6 Qf8 63. Kh7 b3 64. Kg6 b2 65. Kf6 b1=Q 66. Ke5 Qxf7 67. Kd6 Qd3+ {[%mdl 64] Double Attack} 68. Ke5 Qff5#) 53. Kg6 $15 b4 54. Kxg7 $11 {K3P-KPP} b3 55. f6 b2 56. f7 b1=Q 57. f8=Q+ $15 {KQ-KQ} Qb4 58. Qf3+ Qb3 59. Qf8+ Ka2 {And now ...a4 would win.} 60. Qf5 Qb6 {Threatens to win with ...a4.} 61. Qd5+ {Cut Off at move 61} Ka3 62. Qd3+ Kb2 {Strongly threatening ...a4.} (62... Qb3 $5 {[%cal Rb3d3]} 63. Qd6+ Ka2 $17) 63. Qd2+ Kb3 64. Qd1+ Kc4 65. Qc2+ Kd5 66. Qf5+ Kc6 67. Qe4+ Kc7 68. Qe7+ Kb8 69. h4 $2 {[%mdl 8192]} (69. Qe8+ $15 Ka7 70. h4) 69... Qb4 $2 (69... Qc7 {mates} 70. Kf8 Qxe7+ 71. Kxe7 Kc7 72. Kf8 a4 73. Kg7 Kd6 74. Kxh6 a3 75. h5 a2 76. Kg6 Ke6 77. Kg5 Ke5 78. Kg4 a1=Q 79. Kf3 Qc3+ 80. Kg4 Ke4 81. h6 Qf3+ 82. Kg5 Qf5+ 83. Kh4 Kf4 84. h7 Qxh7#) 70. Qd8+ Ka7 {...a4 is the strong threat.} 71. Kxh6 a4 {White must now prevent ...Qb6+.} 72. Qd7+ {The position is equal.} Ka6 73. Qc8+ Ka5 74. Qa8+ Kb5 75. Qb7+ Kc4 76. Qe4+ Kb3 77. Qb1+ {[#]} Kc3 $1 {[%mdl 512]} 78. Qe1+ Kc4 79. Qe4+ Kb5 80. Qb7+ Kc4 81. Qe4+ Kc3 82. Qe1+ $1 Kb3 83. Qb1+ {[#]} Ka3 $1 {[%mdl 512]} 84. Qa1+ Kb3 85. Qb1+ Kc4 86. Qe4+ Kc5 87. Qe7+ Kb5 88. Qb7+ {[#]} Kc5 $1 {[%mdl 512]} 89. Qe7+ Kb5 90. Qb7+ {[#]} Kc5 $1 {[%mdl 512]} 91. Qe7+ Kc4 92. Qe4+ {Both players deserved the win here.  Weighted Error Value: White=0.79/Black=0.48} 1/2-1/2

[Event "Gaprindashvili Cup Women III Stage 2020"]
[Site "Online"]
[Date "2020.11.12"]
[Round "3.3"]
[White "Javakhishvili, Lela"]
[Black "Khukhashvili, Sopiko"]
[Result "0-1"]
[WhiteElo "2473"]
[BlackElo "2334"]
[Annotator "ChessBase"]
[PlyCount "54"]
[EventDate "2020.11.04"]
[EventType "k.o."]
[SourceTitle "playchess.com"]
[Source "ChessBase"]
[SourceQuality "1"]
[TimeControl "1500+5"]

1. d4 {[%emt 0:20:02]} Nf6 {[%emt 0:20:04]} 2. c4 {[%emt 0:00:04]} e6 {[%emt 0:00:03]} 3. Nf3 {[%emt 0:00:03]} Bb4+ {[%emt 0:00:04]} 4. Nbd2 {[%emt 0:00:04]} b6 {[%emt 0:00:03]} 5. a3 {[%emt 0:00:04]} Bxd2+ {[%emt 0:00:04]} 6. Qxd2 {[%emt 0:00:03]} Bb7 {[%emt 0:00:04]} 7. e3 {[%emt 0:00:03]} O-O {[%emt 0:00:06]} 8. Be2 {[%emt 0:00:03]} d6 {[%emt 0:00:04]} 9. O-O {[%emt 0:00:06]} Nbd7 {[%emt 0:00:05]} 10. b4 {[%emt 0:00:04]} Qe7 {[%emt 0:00:10]} 11. Bb2 {[%emt 0:00:07]} Ne4 {[%emt 0:00:03]} 12. Qc2 {[%emt 0:00:05]} f5 {[%emt 0:00:04]} 13. Rad1 {[%emt 0:00:55]} Rf6 {[%emt 0:00:06]} 14. d5 {[%emt 0:00:05]} Rg6 {[%emt 0:00:28]} 15. g3 {[%emt 0:00:14]} e5 {[%emt 0:00:11]} 16. Bd3 {[%emt 0:00:15]} Rf8 {[%emt 0:00:16]} 17. Ne1 {[%emt 0:00:26]} Qh4 {[%emt 0:00:14]} 18. Ng2 {[%emt 0:00:09]} Qh3 {[%emt 0:00:04]} 19. f3 {[%emt 0:00:17]} Nxg3 {[%emt 0:00:15]} 20. hxg3 {[%emt 0:00:05]} Rxg3 {[%emt 0:00:06]} 21. Rfe1 {[%emt 0:00:39]} Rf6 {[%emt 0:00:09]} 22. Bf1 {[%emt 0:00:03]} Rxf3 {[%emt 0:00:10]} 23. Be2 {[%emt 0:00:28]} Rg3 {[%emt 0:00:11]} 24. Bf1 {[%emt 0:00:06]} Rfg6 {[%emt 0:00:23]} 25. e4 {[%emt 0:00:22]} f4 {[%emt 0:00:08]} 26. Rd3 {[%emt 0:00:04]} f3 {[%emt 0:00:05]} 27. Ree3 {[%emt 0:00:12]} fxg2 {[%emt 0:00:14]} 0-1

[Event "Gaprindashvili Cup Women III Stage 2020"]
[Site "Online"]
[Date "2020.11.12"]
[Round "3.4"]
[White "Khukhashvili, Sopiko"]
[Black "Javakhishvili, Lela"]
[Result "1-0"]
[WhiteElo "2334"]
[BlackElo "2473"]
[Annotator "ChessBase"]
[PlyCount "107"]
[EventDate "2020.11.04"]
[EventType "k.o."]
[SourceTitle "playchess.com"]
[Source "ChessBase"]
[SourceQuality "1"]
[TimeControl "1500+5"]

1. e4 {[%emt 0:20:02]} d6 {[%emt 0:20:05]} 2. d4 {[%emt 0:00:05]} g6 {[%emt 0:00:04]} 3. Nc3 {[%emt 0:00:04]} Bg7 {[%emt 0:00:03]} 4. Be3 {[%emt 0:00:07]} c6 {[%emt 0:00:06]} 5. a4 {[%emt 0:00:04]} Nd7 {[%emt 0:00:05]} 6. Qd2 {[%emt 0:00:10]} Qc7 {[%emt 0:00:30]} 7. h4 {[%emt 0:00:24]} Ngf6 {[%emt 0:00:34]} 8. f3 {[%emt 0:00:05]} e5 {[%emt 0:00:10]} 9. Nge2 {[%emt 0:00:05]} h5 {[%emt 0:00:08]} 10. O-O-O {[%emt 0:00:12]} Nb6 {[%emt 0:00:15]} 11. b3 {[%emt 0:00:05]} Nbd7 {[%emt 0:00:39]} 12. dxe5 {[%emt 0:00:15]} dxe5 {[%emt 0:00:03]} 13. Kb2 {[%emt 0:00:20]} Bf8 {[%emt 0:00:25]} 14. Bg5 {[%emt 0:00:23]} Be7 {[%emt 0:00:06]} 15. f4 {[%emt 0:00:12]} Nc5 {[%emt 0:00:18]} 16. Qe3 {[%emt 0:00:22]} Ng4 {[%emt 0:00:08]} 17. Qf3 {[%emt 0:00:20]} f6 {[%emt 0:00:03]} 18. f5 {[%emt 0:00:46]} fxg5 {[%emt 0:00:04]} 19. hxg5 {[%emt 0:00:07]} Bxg5 {[%emt 0:00:16]} 20. Ng3 {[%emt 0:00:12]} Bd7 {[%emt 0:00:11]} 21. Qxg4 {[%emt 0:00:08]} hxg4 {[%emt 0:00:10]} 22. Rxh8+ {[%emt 0:00:03]} Kf7 {[%emt 0:00:07]} 23. Rxa8 {[%emt 0:00:12]} Bc8 {[%emt 0:00:05]} 24. fxg6+ {[%emt 0:00:07]} Kxg6 {[%emt 0:00:05]} 25. Nf5 {[%emt 0:00:09]} a6 {[%emt 0:00:24]} 26. Nd6 {[%emt 0:00:13]} Be6 {[%emt 0:00:04]} 27. Bc4 {[%emt 0:00:15]} Bxc4 {[%emt 0:00:13]} 28. Nxc4 {[%emt 0:00:04]} Kg7 {[%emt 0:00:11]} 29. a5 {[%emt 0:00:07]} Ne6 {[%emt 0:00:06]} 30. Re8 {[%emt 0:00:11]} Nd4 {[%emt 0:00:08]} 31. Rxe5 {[%emt 0:00:11]} Bf6 {[%emt 0:00:04]} 32. Rh5 {[%emt 0:00:09]} Kg6 {[%emt 0:00:09]} 33. Rdh1 {[%emt 0:00:08]} Qg3 {[%emt 0:00:25]} 34. Rh6+ {[%emt 0:00:10]} Kf7 {[%emt 0:00:04]} 35. e5 {[%emt 0:00:13]} Bg7 {[%emt 0:00:04]} 36. R6h5 {[%emt 0:00:17]} Qxg2 {[%emt 0:00:12]} 37. R1h2 {[%emt 0:00:05]} Qg1 {[%emt 0:00:19]} 38. Ne4 {[%emt 0:00:10]} g3 {[%emt 0:00:10]} 39. Ncd6+ {[%emt 0:00:13]} Ke6 {[%emt 0:00:15]} 40. R2h3 {[%emt 0:00:27]} Ne2 {[%emt 0:00:10]} 41. Rg5 {[%emt 0:00:13]} Qc1+ {[%emt 0:00:07]} 42. Ka2 {[%emt 0:00:04]} Qxc2+ {[%emt 0:00:05]} 43. Ka3 {[%emt 0:00:04]} Qc1+ {[%emt 0:00:07]} 44. Kb4 {[%emt 0:00:06]} Qe1+ {[%emt 0:00:11]} 45. Kc5 {[%emt 0:00:04]} Qc1+ {[%emt 0:00:09]} 46. Kb6 {[%emt 0:00:06]} Bxe5 {[%emt 0:00:05]} 47. Rh6+ {[%emt 0:00:06]} Kd5 {[%emt 0:00:04]} 48. Nc4 {[%emt 0:00:08]} Kxe4 {[%emt 0:00:10]} 49. Rxe5+ {[%emt 0:00:04]} Kf3 {[%emt 0:00:05]} 50. Rf6+ {[%emt 0:00:04]} Kg2 {[%emt 0:00:04]} 51. Rxe2+ {[%emt 0:00:04]} Kg1 {[%emt 0:00:07]} 52. Ne3 {[%emt 0:00:06]} g2 {[%emt 0:00:18]} 53. Rxg2+ {[%emt 0:00:03]} Kh1 {[%emt 0:00:03]} 54. Rh6# {[%emt 0:00:04]} 1-0

[Event "Gaprindashvili Cup Women III Stage 2020"]
[Site "Online"]
[Date "2020.11.12"]
[Round "4.1"]
[White "Javakhishvili, Lela"]
[Black "Khotenashvili, Bela"]
[Result "0-1"]
[WhiteElo "2473"]
[BlackElo "2463"]
[Annotator "TA"]
[PlyCount "118"]
[EventDate "2020.11.04"]
[EventType "k.o."]
[SourceTitle "playchess.com"]
[Source "ChessBase"]
[SourceQuality "1"]

{[%evp 16,118,31,20,40,36,39,25,36,30,37,37,43,43,43,35,54,50,59,7,5,0,0,0,39,29,39,37,65,31,23,-4,-4,-4,-5,-31,-25,-8,-6,-68,0,0,0,0,0,0,0,0,0,0,0,0,0,-541,-543,-532,-532,-531,-523,-487,-518,-477,-503,-445,-236,-242,-242,-242,-242,-238,-224,-115,0,0,0,0,0,0,0,-8,1458,0,91,91,88,12,16,0,0,-25,0,-180,-177,-262,-262,-247,-240,-233,-227,-226,-215,-1321,-1321,-29987,-29979]} 1. d4 Nf6 2. Nf3 g6 3. Bg5 Bg7 4. Nbd2 O-O 5. c3 d6 6. e4 Nbd7 7. Bd3 h6 8. Bh4 e5 9. O-O Re8 {B07: Pirc Defence: Miscellaneous Systems.} 10. Re1 Nf8 {[%cal Bd7f8,Bf8e6,Be6c5][%mdl 32]} 11. Qb3 g5 {White has an edge.} 12. Bg3 {[%cal Rd4e5]} Nh5 13. dxe5 dxe5 14. Bc4 {[#]} Ne6 $146 ({Predecessor:} 14... Be6 15. Rad1 Ng6 16. Bxe6 Rxe6 17. Nc4 Qc8 18. Re2 Nhf4 19. Red2 b6 20. Ne3 Qb7 {1-0 (49) Hack,T (2046)-Rahmen,C (1387) Cologne 2010}) 15. Nf1 Nhf4 16. Ne3 c6 17. Nf5 (17. a4 $14) 17... b5 $11 18. Bf1 Nc5 19. Qc2 Bf8 20. b4 Na4 21. c4 a6 22. c5 Qf6 23. Rad1 Bxf5 24. exf5 a5 25. a3 $1 axb4 26. axb4 e4 $1 {[%cal Re4f3]} 27. Nd2 ({Wrong is} 27. Rxe4 $2 Rxe4 28. Qxe4 Nc3 $19) (27. Bxf4 $11 gxf4 28. Rxe4 Rxe4 29. Qxe4) 27... Qc3 (27... Nd5 $15 28. Nxe4 Qxf5) 28. Qb1 Nb2 $36 {[%mdl 2048] Black has the initiative.} 29. Nxe4 Nxd1 30. Nxc3 Rxe1 31. Bxf4 gxf4 32. Ne4 {Threatens to win with Nf6+.} ({But not} 32. Nxd1 $2 Rd8 $19) 32... Bg7 33. f6 Re8 $1 {[%cal Re8e4]} 34. f3 $2 {[%mdl 8192] [#]} (34. fxg7 $11 {and White stays safe.} R8xe4 35. Qd3) 34... R8xe4 $1 $19 {[%mdl 576] Remove Defender} 35. fxe4 (35. Qxe4 Rxe4) 35... Bxf6 36. e5 Bxe5 {( -> ...Bd4+)} 37. Qd3 Ne3 38. Kf2 Rxf1+ 39. Ke2 Rc1 (39... Rd1 $142 40. Qe4 Rd5) 40. Qe4 Nc4 41. Qxc6 {[#]} Rc2+ $1 42. Kf3 Rc3+ 43. Ke4 Kg7 (43... Re3+ $17 44. Kd5 Rd3+ 45. Ke4 Rd4+ 46. Kf3 Rd3+ 47. Ke4 Rd4+ 48. Kf3 Rd3+ 49. Ke4) 44. Qxb5 $11 Bf6 45. Kxf4 Nd2 46. Qd7 Bg5+ 47. Kf5 {And now Qd4+ would win.} Nc4 $2 {[%mdl 8192]} (47... Rc4 $11 48. Qd3 Rf4+ 49. Ke5 Rxb4) 48. b5 $2 ({Only move:} 48. Qd4+ $18 Kg8 49. Qxc3 Ne3+ 50. Ke4) 48... Ne3+ (48... Be3 $1 $11 {keeps the balance.}) 49. Ke4 $16 {[%mdl 1024] White has strong compensation.} Rc4+ 50. Kf3 ({Better is} 50. Kd3 $16 {aiming for b6.} Rc1 51. Qb7) 50... Nc2 $11 51. c6 {Black must now prevent c7.} Nd4+ {[%mdl 64] Double Attack} 52. Kg3 Nxb5 53. h3 $2 (53. Qd5 $11 Bf4+ 54. Kh3) 53... Bf6 $19 54. Qd5 (54. Kf2 {was necessary.}) 54... Rc3+ 55. Kh2 Nd4 56. Qe4 Rxc6 57. Qg4+ Kf8 {Hoping for ...Be5+.} 58. h4 $2 (58. Qf4) 58... Be5+ 59. Kh3 Rc3+ {Weighted Error Value: White=0.60/Black=0.15} 0-1

[Event "Gaprindashvili Cup Women III Stage 2020"]
[Site "Online"]
[Date "2020.11.12"]
[Round "4.1"]
[White "Arabidze, Meri"]
[Black "Khukhashvili, Sopiko"]
[Result "1-0"]
[WhiteElo "2437"]
[BlackElo "2334"]
[Annotator "TA"]
[PlyCount "89"]
[EventDate "2020.11.04"]
[EventType "k.o."]
[SourceTitle "playchess.com"]
[Source "ChessBase"]
[SourceQuality "1"]

{[%evp 9,89,20,25,25,25,25,25,13,58,48,108,107,111,96,132,83,113,124,139,58,65,56,74,56,86,77,96,56,51,66,93,95,94,94,108,118,117,89,87,87,79,76,97,77,68,65,128,113,120,103,109,104,100,76,153,158,185,183,163,179,182,154,772,0,0,0,229,217,1426,1241,1154,1139,1139,1012,943,0,1123,1093,2202,1776,1209,1012]} 1. Nf3 Nf6 2. c4 e6 3. g3 a6 4. Bg2 b5 5. d3 c5 6. e4 {A13: English Opening: 1...e6.} d6 7. Nc3 b4 8. e5 {[#] White has an edge.} bxc3 $146 (8... Nfd7 $5 {[%cal Rb4c3]} 9. Na4 Bb7 $11) ({Predecessor:} 8... Nfd7 9. Bg5 Qa5 10. Na4 Bb7 11. exd6 Bxd6 12. O-O h6 13. Be3 O-O 14. b3 Qc7 {1-0 (42) Arabidze,M (2383)-Khukhashvili,S (2368) Tbilisi 2017}) 9. exf6 gxf6 (9... Ra7 $14) 10. bxc3 $16 Bg7 11. O-O Qc7 12. Rb1 Ra7 13. Bf4 Nc6 14. Qd2 ({White should try} 14. d4 $16 cxd4 15. cxd4 (15. Nxd4 Ne5 $16)) 14... O-O $14 15. d4 e5 16. Bh6 Na5 17. Bxg7 Kxg7 18. dxe5 dxe5 19. Qe2 Be6 20. Nd2 Rd8 {[#]} 21. Bd5 $1 {[%mdl 512]} f5 (21... Bxd5 22. cxd5) 22. Qh5 h6 23. Nf3 {Black must now prevent Nh4.} Nxc4 24. Bxc4 ({But not} 24. Bxe6 fxe6 25. Nh4 Qf7 $17) 24... Bxc4 25. Nh4 $1 {[%cal Rh4f5]} Be6 26. Nxf5+ Bxf5 27. Qxf5 Re8 (27... Qd6 $1 $14) 28. Rfe1 Re6 29. Re4 Qd6 30. h4 Rd7 31. h5 Kf8 (31... Rf6 $142 32. Qg4+ (32. Qxe5 Qxe5 33. Rxe5 Rd2 $11) 32... Kh7) 32. Qh7 $16 Ke7 33. Qg7 Qd3 {[#]} 34. Rbe1 $1 Qxc3 35. Kg2 Rd5 $2 {[#]} (35... Rdd6 $16) 36. R1e3 $2 ({Better is} 36. Rf4 $1 $18 {[%mdl 512]} exf4 37. Rxe6+ Kxe6 38. Qxc3) 36... Qc2 $11 {Hoping for ...Rd2.} 37. Qh7 {aiming for Rf3.} Rd2 $2 (37... Rd4 $11) 38. Rf3 $18 Re2 $2 (38... Kd6 39. Rxf7 Kd5 40. Rd7+ Kc6 41. Rxd2 Qxd2) 39. Rxf7+ Kd6 40. Rd7+ Kc6 41. Rc7+ Kd5 42. Rd7+ $40 {[%mdl 128] White has some attack.} Kc6 43. Rxe2 {White is clearly winning.} Qxe2 44. Ra7 {Intending Qb7+ and mate.} Kd5 45. Qb7+ {Weighted Error Value: White=0.37/Black=0.32} 1-0